000 01821cam a22004214i 4500
003 PE-LiUPU
005 20250731184545.0
008 150625s r 000 0 d
035 _a(Sirsi) a31176
035 _a(Sirsi) a31176
040 _aPE-LiUPU
_bspa
_cPE-LiUPU
_erda
082 0 4 _a909
_bW92
_221
100 1 _aWright, Esmond,
_eautor.
245 1 0 _aHistoria universal y de latinoamerica;industrializacion e imperialismo .
_n7.
264 1 _aBarcelona :
_bNauta,
_c1984.
336 _atext
_2rdacontent
337 _aunmediated
_2rdamedia
338 _avolume
_2rdacarrier
505 0 _aEuropa en el siglo XIX: La nueva Europa, La primera de las naciones, Rusia, Francia desde la restauración hasta Napoleón III, La decadencia española en el siglo XIX, Estados Unidos. - El equilibrio del poder: Cavour Bismarck, La modernización de Europa, El nuevo imperialismo. - La democracia y el nuevo imperialismoAsia en el siglo XIX, Los Estados Unidos, El impacto de la modernización en las naciones europeas.
526 _aP136
526 _aP135
526 _aP134
526 _aP133
526 _aP144
526 _aP143
526 _aP87
526 _aP35
526 _aP20
526 _aP14
526 _aP10
526 _aP06
942 _2ddc
_cBOOK
949 _a909 W92 7
_wDEWEY
_c1
_i25787
_lRC
_mBUL
_r0
_sY
_tBOOK
_u2015-6-25
_xBIBLIOTECA
_zUNKNOWN
_0COMPRA
_o.CIRCNOTE. No olvidar cambiar la fecha de devolución!!!!!!!
_o.STAFF. Colección General
994 _aC0
_bPEPRU
596 _a1
999 _a909 W92 7
_wDEWEY
_c38701
_i25787
_d38701
_e2015-11-6
_f2021-11-8
_g5
_lCCODEBUL1
_mBUL
_n1
_r0
_sY
_tBOOK
_u2015-6-25
_xBIBLIOTECA
_zUNKNOWN
_0COMPRA
_o.CIRCNOTE. No olvidar cambiar la fecha de devolución!!!!!!!
_o.STAFF. Colección General
980 _81
_gALBERTO SANCHEZ Responsable de Automatización